LDR 00819naa#a2200181#i#450# 001 RU\\bibl\114910 005 20260416040420.4 011 ## _a2713-1424 100 ## _a20260407b2026####ek#y0rusy0150####ca 102 ## _aRU 200 1# _aУСТОЙЧИВОЕ РИСОВОДСТВО В УСЛОВИЯХ ДЕГРАДАЦИИ ПОЧВ: РОЛЬ ЦИФРОВЫХ ТЕХНОЛОГИЙ И ГИС-МОНИТОРИНГА _eЖурнальная статья 210 1# _aМосква _cЭлектронная наука _d2026 215 ## _a9 с. 608 ## _aЖурнальная статья _2local 675 ## _aФакторы, влияющие на землепользование. 332.36 _z 700 #1 _aБарсукова _gГалина Николаевна 700 #1 _aГовердовская _gМария Дмитриевна 856 4# _amshj.ru _u